• 首页
  • 本馆介绍
  • 公告通知
  • 最新文献
  • 馆藏检索
  • 电子资源
  • 读者导购
  • 参考咨询
  • 我的图书馆
  • 登录
  • 详细信息显示
  • 放入我的书架
  • 预约/预借图书
  • 作者相关作品
  • 分类相关作品
  • 丛书相关作品
  • 出版社相关作品

书目信息

  • 表格格式
  • 工作单格式
  • 卡片格式
题名:
现代物流业与产业结构优化、新型城镇化互动研究
    
 
作者: 邹筱 , 周欢 , 李玉琴 著
分册:  
出版信息: 长春   吉林大学出版社  2019.12
页数: 185页
开本: 24cm
丛书名:
单 册:
中图分类: F252 , F299.21
科图分类:
主题词: 物流--wu liu--产业发展--关系--城市化--研究--中国
电子资源:
ISBN: 978-7-5692-6081-6
000 01231nam0 2200289 450
001 2133104805
005 20211025190356.0
010    @a978-7-5692-6081-6@dCNY56.00
100    @a20200508d2019 em y0chiy0120 ea
101 0  @achi
102    @aCN@b220000
105    @aak a 000yy
106    @ar
200 1  @a现代物流业与产业结构优化、新型城镇化互动研究@Axian dai wu liu ye yu chan ye jie gou you hua xin xing cheng zhen hua hu dong yan jiu@f邹筱, 周欢, 李玉琴著
210    @a长春@c吉林大学出版社@d2019.12
215    @a185页@c图@d24cm
300    @a教育部人文社会科学研究项目“产业结构升级背景下新型城镇化与物流业互动演进研究”(项目编号: 16YJAZH085) 湖南省哲学社会科学基金项目“新型城镇化背景下产业集群与区域物流互动机制研究”(项目编号: 17YBA142)
320    @a有书目
330    @a本书以现代物流对产业结构、新型城镇化为研究对象,分析现代物流业与产业结构优化、新型城镇化互动关系,阐述现代物流业对产业结构优化、新型城镇化的发展有利的支撑。
606 0  @a物流@Awu liu@x产业发展@x关系@x城市化@x研究@y中国
690    @aF252@v5
690    @aF299.21@v5
701  0 @a邹筱@Azou xiao@4著
701  0 @a周欢@Azhou huan@4著
701  0 @a李玉琴@Ali yu qin@4著
801  0 @aCN@b百万庄@c20211025
905    @b1312105-08@dF252@e337@f4
    
    现代物流业与产业结构优化、新型城镇化互动研究/邹筱, 周欢, 李玉琴著.-长春:吉林大学出版社,2019.12
    185页:图;24cm
    教育部人文社会科学研究项目“产业结构升级背景下新型城镇化与物流业互动演进研究”(项目编号: 16YJAZH085) 湖南省哲学社会科学基金项目“新型城镇化背景下产业集群与区域物流互动机制研究”(项目编号: 17YBA142)
    
    ISBN 978-7-5692-6081-6:CNY56.00
    本书以现代物流对产业结构、新型城镇化为研究对象,分析现代物流业与产业结构优化、新型城镇化互动关系,阐述现代物流业对产业结构优化、新型城镇化的发展有利的支撑。
●
相关链接 在E读中查询图书 在五车中查询图书 在当当中查询图书 在豆瓣中查询图书


正题名:现代物流业与产业结构优化、新型城镇化互动研究     索取号:F252/337         预约/预借

序号 登录号 条形码 馆藏地/架位号 状态 备注
1 1312105   213121058   第一样本阅览室/ [索取号:F252/337] 在馆    
2 1312106   213121067   第一借阅区/ [索取号:F252/337] 在馆    
3 1312107   213121076   第一借阅区/ [索取号:F252/337] 在馆    
4 1312108   213121085   第一借阅区/ [索取号:F252/337] 在馆    
唐山师范学院图书馆 欢迎您!
大连网信软件有限公司© 版权所有